Statystyki dla Najliczniejsze reprezentacje w ZIO Pekin 2022.

Kliknij tutaj aby rozwiązać quiz!

Ogólne statystyki

  • Ten quiz został rozwiązany 79 razy
  • Średni wynik to 8 z 10

Statystyki odpowiedzi

Ilość zawodnikówOdpowiedź% Poprawnych
170Chiny
99%
222Stany Zjednoczone
97%
212Rosyjski Komitet Olimpijski
95%
124Japonia
92%
211Kanada
92%
116Szwecja
86%
118Włochy
81%
106Austria
73%
168Szwajcaria
64%
113Czechy
56%

Rozkład punktacji

Percentyl według liczby udzielonych odpowiedzi

Procent ludzi z każdym wynikiem

Twoja historia wyników

Nie rozwiązałeś tego quizu